000 00325nam a2200145Ia 4500
008 220928s9999 xx 000 0 und d
082 _bDHI
100 _aDHIL, DAYARAM
245 0 _aKALPANA KI UDAAN
260 _bTASVEER PRAKASHAN, SIRAMA
_c2013
300 _a35
650 _aGeneral
942 _cBK
999 _c208341
_d208341
041 _aHINDI